鉄道駅・道の駅どちらも存在しない自治体 - Statistics

General Stats
  • This quiz has been taken 66 times
    34 since last reset
  • The average score is 59 of 209
Answer Stats
都道府県 Answer 鉄道廃止年 % Correct
利尻郡利尻町
52%
利尻郡利尻富士町
52%
下北郡大間町
48%
神栖市 1983年(旅客)
48%
西多摩郡檜原村
48%
増毛郡増毛町 2016年
45%
浦河郡浦河町 2021年
45%
様似郡様似町 2021年
45%
幌泉郡えりも町
45%
東京都 武蔵村山市
45%
賀茂郡西伊豆町
45%
古宇郡泊村
41%
岐阜県 山県市
41%
加茂郡八百津町 2001年
41%
駿東郡清水町
41%
兵庫県 洲本市 1966年
41%
空知郡上砂川町 1994年
38%
樺戸郡新十津川町 2020年
38%
広尾郡広尾町 1987年
38%
標津郡標津町 1989年
38%
下北郡佐井村
38%
神奈川県 綾瀬市
38%
愛甲郡愛川町
38%
南都留郡山中湖村
38%
安八郡輪之内町
38%
榛原郡吉田町 1968年
38%
度会郡南伊勢町
38%
生駒郡安堵町 1952年
38%
吉野郡下北山村
38%
阿蘇郡南小国町
38%
熊毛郡中種子町
38%
熊毛郡南種子町
38%
中頭郡中城村
38%
積丹郡積丹町
34%
樺戸郡月形町 2020年
34%
阿寒郡鶴居村 1968年
34%
標津郡中標津町 1989年
34%
青森県 上北郡六ヶ所村
34%
下北郡東通村
34%
下北郡風間浦村
34%
稲敷郡美浦村
34%
稲敷郡阿見町 1938年
34%
千葉県 富里市 1940年
34%
西多摩郡日の出町 1971年(旅客)
34%
三浦郡葉山町
34%
石川県 能美郡川北町
34%
福井県 今立郡池田町
34%
山梨県 南巨摩郡早川町
34%
木曽郡王滝村
34%
安八郡安八町
34%
静岡県 牧之原市 1968年
34%
海部郡大治町
34%
三重県 桑名郡木曽岬町
34%
度会郡度会町
34%
吉野郡天川村
34%
吉野郡東吉野村
34%
土佐郡大川村
34%
東松浦郡玄海町
34%
大島郡瀬戸内町
34%
沖縄市
34%
南城市 1945年
34%
中頭郡北中城村
34%
北海道 瀬棚郡今金町 1987年
31%
三戸郡五戸町 1969年
31%
黒川郡大和町 1956年
31%
黒川郡大衡村 1956年
31%
雄勝郡東成瀬村
31%
山形県 最上郡金山町
31%
稲敷市
31%
北相馬郡利根町
31%
埼玉県 入間郡三芳町
31%
山武郡九十九里町 1961年
31%
長生郡長南町 1939年
31%
足柄上郡中井町 1933年(旅客)
31%
新潟県 北蒲原郡聖籠町
31%
南都留郡忍野村
31%
上高井郡高山村
31%
西春日井郡豊山町
31%
丹羽郡大口町
31%
海部郡飛島村
31%
宇陀郡曽爾村
31%
吉野郡野迫川村
31%
鳥取県 西伯郡日吉津村
31%
高知県 土佐市
31%
安芸郡東洋町 2020年
31%
安芸郡馬路村 1963年
31%
天草郡苓北町
31%
東臼杵郡美郷町
31%
鹿児島県 鹿屋市 1987年
31%
沖縄県 宜野湾市 1945年
31%
古平郡古平町
28%
上川郡東神楽町
28%
常呂郡訓子府町 2006年
28%
常呂郡置戸町 2006年
28%
沙流郡平取町 1986年
28%
三戸郡田子町
28%
宮城県 刈田郡蔵王町
28%
最上郡大蔵村
28%
茨城県 坂東市
28%
かすみがうら市
28%
東茨城郡茨城町 1938年
28%
稲敷郡河内町
28%
栃木県 河内郡上三川町
28%
群馬県 北群馬郡榛東村
28%
比企郡川島町
28%
長野県 南佐久郡南相木村
28%
南佐久郡北相木村
28%
下伊那郡根羽村
28%
東筑摩郡山形村
28%
本巣郡北方町 2005年
28%
愛知県 愛知郡東郷町
28%
綴喜郡宇治田原町
28%
加古郡稲美町
28%
揖保郡太子町
28%
安芸郡北川村 1963年
28%
吾川郡仁淀川町
28%
幡多郡三原村
28%
西之表市
28%
伊佐市 1988年
28%
肝属郡東串良町 1987年
28%
大島郡宇検村
28%
大島郡龍郷町
28%
大島郡天城町
28%
大島郡和泊町
28%
大島郡知名町
28%
うるま市
28%
国頭郡恩納村
28%
中頭郡北谷町 1945年
28%
島尻郡南風原町 1945年
28%
島尻郡八重瀬町 1945年
28%
上川郡下川町 1989年
24%
岩手県 九戸郡軽米町
24%
柴田郡川崎町
24%
宮城郡七ヶ浜町
24%
加美郡色麻町 1956年
24%
加美郡加美町 1960年
24%
秋田県 山本郡藤里町
24%
東白川郡鮫川村
24%
結城郡八千代町
24%
長生郡白子町
24%
諏訪郡原村
24%
下伊那郡阿智村
24%
京都府 久世郡久御山町
24%
相楽郡和束町
24%
西伯郡南部町 1967年
24%
岡山県 勝田郡奈義町
24%
広島県 江田島市
24%
名東郡佐那河内村
24%
板野郡松茂町
24%
板野郡北島町
24%
東彼杵郡波佐見町
24%
阿蘇郡産山村
24%
宮崎県 西都市 1984年
24%
大島郡伊仙町
24%
国頭郡今帰仁村
24%
国頭郡金武町
24%
空知郡南幌町 1975年
21%
双葉郡川内村
21%
双葉郡葛尾村
21%
比企郡鳩山町
21%
北葛飾郡松伏町
21%
下伊那郡喬木村
21%
東筑摩郡朝日村
21%
奈良県 山辺郡山添村
21%
和歌山県 海草郡紀美野町 1994年
21%
日高郡美浜町
21%
安芸郡熊野町
21%
山口県 熊毛郡平生町
21%
宮若市 1989年
21%
上益城郡益城町
21%
球磨郡山江村
21%
大分県 豊後高田市 1965年
21%
東諸県郡綾町
21%
児湯郡西米良村
21%
東臼杵郡諸塚村
21%
東臼杵郡椎葉村
21%
大島郡大和村
21%
国頭郡本部町 1976年
21%
中頭郡西原町
21%
邑楽郡千代田町 1956年(境界変更による)
17%
北葛城郡上牧町
17%
吉野郡下市町
17%
徳島県 勝浦郡上勝町
17%
板野郡上板町 1972年
17%
長岡郡本山町
17%
福岡県 大川市 1987年
17%
遠賀郡芦屋町 1961年
17%
佐賀県 三養基郡上峰町
17%
長崎県 西彼杵郡時津町
17%
西臼杵郡五ヶ瀬町
17%
薩摩郡さつま町 1987年
17%
肝属郡肝付町 1987年
17%
島尻郡与那原町 1945年
17%
上川郡鷹栖町
14%
福島県 安達郡大玉村
14%
西白河郡中島村
14%
香川県 香川郡直島町
14%
高岡郡越知町
14%
糟屋郡志免町 1985年
14%
糟屋郡久山町
14%
球磨郡水上村
14%
東諸県郡国富町
14%
熊本県 玉名郡南関町 1938年
10%
阿蘇郡西原村
10%
上益城郡嘉島町 1964年
10%
児湯郡木城町
10%
那珂川市
7%
上益城郡御船町 1964年
7%
上益城郡甲佐町 1964年
7%
No matching quizzes found
Score Distribution
Percent of People with Each Score
Percentile by Number Answered
Your Score History
You have not taken this quiz since the last reset